000 01633cam a22002775a 4500
001 L159131
008 160204s2015 xxk f 000 0 eng d
020 _a9781904839828
035 _a(Sirsi) u159131
041 _aeng
050 _a690.0285
110 _aUniversity of Birmingham
_bDigital Construction Research Centre
_96177
245 _aHousing
_bThe digital revolution $[ electronic resource]
260 _aBirmingham
_bUniversity of Birmingham
_c2015
300 _a20p.
520 _aIdentifies the opportunities that digital construction can offer to improve the process of building and living in new homes. Report reveals that using digital methods would make it easier for supply chain partners to react to changes and issues raised by planning authorities, surrounding residents, customers and site staff. The integration provided by digital approaches in the construction process could save organisations hundreds of man hours and dramatically slash wasted materials and expenditure lost using traditional building methods. The research also showed that technology connected to sensors could see future houses equipped with a ?digital nerve centre? linked to a house dashboard or smartphone app.
650 _aCOLLABORATIVE BIM
650 _aDIGITAL BUILDING
650 _aBIM
_96219
650 _aSUPPLY CHAIN PARTNERING
651 4 _aUnited Kingdom
690 _aMANAGEMENT-BUSINESS MANAGEMENT-INFORMATION MANAGEMENT
710 1 _aBuilding Alliance
856 4 0 _uhttps://www.wienerberger.co.uk/housing-the-digital-revolution.html
_zView this item free of charge at www.wienerberger.co.uk
942 _n0
999 _c115691
_d115691